Datum a čas kvízu
28.5
Celkem bodů
Celkový počet nahraných bodů na tomto kvízu bez doplňovacích otázek.
3.
Pořadí na kvízu
Konečné umístění týmu na tomto kvízu.
Zaznamenané odpovědi
| # | Otázka | Odpověď | Body | Výsledky |
|---|---|---|---|---|
| 1. | Minulou středu byly uděleny ce... | 0 | ||
| 2. | Polsko oznámilo minulý týden n... | 0 | ||
| 3. | Jak se jmenuje nové album skup... | 0 | ||
| 4. | Jaká značka vozu získala minul... | 0 | ||
| 5. | Vedení Kontinentální hokejové... | 0 | ||
| 6. | Zaměříme se na nová slova v če... | 0 | ||
| 7. | Jeden z našich nejdůraznějších... | 1 | ||
| 8. | Někdy dochází jen k posunu výz... | 0 | ||
| 9. | Jak se nazývá termín, který by... | 1 | ||
| 10. | Tvorba neologismů není jen zál... | 1 |